| 000 | 00388nam a2200157Ia 4500 | ||
|---|---|---|---|
| 008 | 230524s9999 xx 000 0 und d | ||
| 082 |
_a658.401 _bNAR |
||
| 100 | _aRajendra Nargundkar | ||
| 245 | 0 | _aServices Marketing: Text and Cases | |
| 250 | _aIST | ||
| 260 |
_aNEW DELHI _bTMH _c2009 |
||
| 300 | _aVIII;243 | ||
| 500 | _aQuantity Number: 2 | ||
| 650 | _aManagement | ||
| 942 | _cBK | ||
| 999 |
_c45117 _d45117 |
||